Мировые информационные ресурсы: учебное пособие

Dades bibliogràfiques
Autor principal: Коротков А. В. Андрей Викентьевич
Autor corporatiu: Московский государственный институт международных отношений (МГИМО-Университет) Кафедра глобальных информационных процессов и ресурсов
Altres autors: Кузьмин А. М. Александр Михайлович
Sumari:Настоящее учебное пособие рассматривает историю возникновения и перспективы развития мировых информационных ресурсов в эпоху цифровой революции, их место в современной медиас-реде, структуру и технологию их функционирования, а также их типологию.
Idioma:rus
Publicat: Москва, Изд-во МГИМО, 2012
Matèries:
Format: MixedMaterials Llibre
KOHA link:https://koha.lib.tpu.ru/cgi-bin/koha/opac-detail.pl?biblionumber=221225

MARC

LEADER 00000nam0a2200000 4500
001 221225
005 20231101230403.0
010 |a 9785922808064 
035 |a (RuTPU)RU\TPU\book\241369 
090 |a 221225 
100 |a 20120907d2012 m y0rusy50 ca 
101 0 |a rus 
102 |a RU 
105 |a a j 001zy 
200 1 |a Мировые информационные ресурсы  |e учебное пособие  |f А. В. Коротков, А. М. Кузьмин  |g Московский государственный институт международных отношений (МГИМО-Университет), Кафедра глобальных информационных процессов и ресурсов 
210 |a Москва  |c Изд-во МГИМО  |d 2012 
215 |a 92 с.  |c ил. 
320 |a Библиогр.: с. 90-91. 
330 |a Настоящее учебное пособие рассматривает историю возникновения и перспективы развития мировых информационных ресурсов в эпоху цифровой революции, их место в современной медиас-реде, структуру и технологию их функционирования, а также их типологию. 
606 1 |a Информационные ресурсы  |x Общие вопросы  |2 stltpush  |3 (RuTPU)RU\TPU\subj\71297  |9 85258 
610 1 |a информация 
610 1 |a мировые ресурсы 
610 1 |a глобальные информационные системы 
610 1 |a глобальные компьютерные сети 
610 1 |a Интернет 
610 1 |a рынок услуг 
610 1 |a электронные библиотеки 
610 1 |a электронные издания 
610 1 |a образовательные услуги 
610 1 |a статистические ресурсы 
610 1 |a международная статистика 
610 1 |a СМИ 
610 1 |a средства массовой информации 
610 1 |a учебные пособия 
686 |a Ч231.0я73  |v LBC/SL-A  |2 rubbk 
700 1 |a Коротков  |b А. В.  |g Андрей Викентьевич 
701 1 |a Кузьмин  |b А. М.  |g Александр Михайлович 
712 0 2 |a Московский государственный институт международных отношений (МГИМО-Университет)  |b Кафедра глобальных информационных процессов и ресурсов  |2 stltpush  |3 (RuTPU)RU\TPU\col\364 
801 1 |a RU  |b 63413507  |c 20120907 
801 2 |a RU  |b 63413507  |c 20150609  |g RCR 
900 |a Мировые информационные ресурсы 
942 |c BK 
959 |a 112/20120907  |d 2  |e 330,00  |f ЧЗГЛ:1  |f АНЛ:1